Mechanical engineering / (Record no. 10859)
[ view plain ]
| 000 -LEADER | |
|---|---|
| fixed length control field | 00619cam a2200253ua 4500 |
| 041 ## - LANGUAGE CODE | |
| Language code of text/sound track or separate title | mal |
| 082 ## - DEWEY DECIMAL CLASSIFICATION NUMBER | |
| Classification number | 621.01 |
| Item number | RAV/ME |
| 100 ## - MAIN ENTRY--AUTHOR NAME | |
| Personal name | Ravindran, Nair . |
| 245 ## - TITLE STATEMENT | |
| Title | Mechanical engineering / |
| 250 ## - EDITION STATEMENT | |
| Edition statement | 1 / |
| 260 ## - PUBLICATION, DISTRIBUTION, ETC. (IMPRINT) | |
| Place of publication | Thiruvananthapuram : |
| Name of publisher | State Instititute of Languages , |
| Year of publication | 1971. |
| 300 ## - PHYSICAL DESCRIPTION | |
| Number of Pages | ; . |
| 942 ## - ADDED ENTRY ELEMENTS (KOHA) | |
| Koha item type | Books |
| Withdrawn status | Lost status | Damaged status | Home library | Current library | Date acquired | Full call number | Accession Number | Koha item type |
|---|---|---|---|---|---|---|---|---|
| KAUAET | KAUAET | 07/04/2012 | 621.01 | 14119 | Books | |||
| KAUAET | KAUAET | 07/04/2012 | 621.01 | 14118 | Books | |||
| KAUAET | KAUAET | 07/04/2012 | 621.01 | 13800 | Books | |||
| KAUAET | KAUAET | 07/04/2012 | 621.01 | 14117 | Books | |||
| KAUAET | KAUAET | 07/04/2012 | 621.01 | 13046 | Books | |||
| KAUAET | KAUAET | 07/04/2012 | 621.01 | 14120 | Books | |||
| KAUAET | KAUAET | 07/04/2012 | 621.01 | 13799 | Books | |||
| KAUAET | KAUAET | 16/11/2023 | 621.01 RAV/ME | 14121 | Books |
